| 000 | 007100000a22002410004500 | ||
|---|---|---|---|
| 090 |
_aAR _b02270 |
||
| 245 | 1 | 0 | _aNew amazonian arrow poison Ocotea venenoza |
| 650 | 1 | 4 |
_aConocimiento tradicional _992244 |
| 650 | 1 | 4 |
_aPlantas útiles _992936 |
| 650 | 1 | 4 |
_aBotánica _9361 |
| 650 | 1 | 4 |
_aAnálisis químico _994993 |
| 650 | 1 | 4 |
_aIndígenas _993177 |
| 650 | 1 | 4 |
_aKofanes _995791 |
| 651 | 4 |
_pColombia _992749 |
|
| 651 | 4 |
_pEcuador _992749 |
|
| 653 |
_gOcotea _eOcotea venenosa |
||
| 041 | 0 | _aInglés | |
| 700 | 1 |
_aPinkley, Homer V. _995792 |
|
| 700 | 1 |
_aStern, William L. _995793 |
|
| 100 | 1 |
_aKostermans, A. J. _995794 |
|
| 942 | _cARTICULO | ||
| 773 | 1 |
_tBotanical Museum Leaflets _31203 _h7 _q241-252 _d1969 _g22 |
|
| 999 |
_c11342 _d11342 |
||